<?xml version="1.0" encoding="UTF-8"?>
<record
    xmlns:xsi="http://www.w3.org/2001/XMLSchema-instance"
    xsi:schemaLocation="http://www.loc.gov/MARC21/slim http://www.loc.gov/standards/marcxml/schema/MARC21slim.xsd"
    xmlns="http://www.loc.gov/MARC21/slim">

  <leader>00822nam a2200181Ia 4500</leader>
  <controlfield tag="008">151202s9999||||xx |||||||||||||| ||und||</controlfield>
  <datafield tag="082" ind1=" " ind2=" ">
    <subfield code="b">PNVM-72375</subfield>
  </datafield>
  <datafield tag="100" ind1=" " ind2=" ">
    <subfield code="a">&#x92D;&#x93F;&#x936;&#x940;&#x915;&#x930; &#x91A;&#x902;.&#x92A;.</subfield>
  </datafield>
  <datafield tag="245" ind1=" " ind2=" ">
    <subfield code="a">&#x935;&#x93F;&#x930;&#x93E;&#x91F; &#x938;&#x902;&#x918;&#x938;&#x94D;&#x935;&#x930;&#x941;&#x92A;&#x93E;&#x91A;&#x940; &#x92A;&#x94D;&#x930;&#x947;&#x930;&#x923;&#x93E; &#x921;&#x949;. &#x939;&#x947;&#x921;&#x917;&#x947;&#x935;&#x93E;&#x930;.</subfield>
  </datafield>
  <datafield tag="260" ind1=" " ind2=" ">
    <subfield code="b">"&#x92D;&#x93E;&#x930;&#x924;&#x940;&#x92F; &#x935;&#x93F;&#x91A;&#x93E;&#x930; &#x938;&#x93E;&#x927;&#x928;&#x93E; &#x92A;&#x94D;&#x930;&#x915;&#x93E;&#x936;&#x928;,&#x92A;&#x941;&#x923;&#x947;."</subfield>
  </datafield>
  <datafield tag="260" ind1=" " ind2=" ">
    <subfield code="c">72375</subfield>
  </datafield>
  <datafield tag="300" ind1=" " ind2=" ">
    <subfield code="a">62</subfield>
  </datafield>
  <datafield tag="600" ind1=" " ind2=" ">
    <subfield code="a">&#x92D;&#x93F;&#x936;&#x940;&#x915;&#x930; &#x91A;&#x902;.&#x92A;.</subfield>
  </datafield>
  <datafield tag="630" ind1=" " ind2=" ">
    <subfield code="a">&#x935;&#x93F;&#x930;&#x93E;&#x91F; &#x938;&#x902;&#x918;&#x938;&#x94D;&#x935;&#x930;&#x941;&#x92A;&#x93E;&#x91A;&#x940; &#x92A;&#x94D;&#x930;&#x947;&#x930;&#x923;&#x93E; &#x921;&#x949;. &#x939;&#x947;&#x921;&#x917;&#x947;&#x935;&#x93E;&#x930;.</subfield>
  </datafield>
  <datafield tag="700" ind1=" " ind2=" ">
    <subfield code="a">&#x92D;&#x93F;&#x936;&#x940;&#x915;&#x930; &#x91A;&#x902;.&#x92A;.</subfield>
  </datafield>
  <datafield tag="730" ind1=" " ind2=" ">
    <subfield code="a">&#x935;&#x93F;&#x930;&#x93E;&#x91F; &#x938;&#x902;&#x918;&#x938;&#x94D;&#x935;&#x930;&#x941;&#x92A;&#x93E;&#x91A;&#x940; &#x92A;&#x94D;&#x930;&#x947;&#x930;&#x923;&#x93E; &#x921;&#x949;. &#x939;&#x947;&#x921;&#x917;&#x947;&#x935;&#x93E;&#x930;.</subfield>
  </datafield>
  <datafield tag="942" ind1=" " ind2=" ">
    <subfield code="c">BOOK</subfield>
  </datafield>
  <datafield tag="999" ind1=" " ind2=" ">
    <subfield code="c">1339040</subfield>
    <subfield code="d">1339037</subfield>
  </datafield>
  <datafield tag="952" ind1=" " ind2=" ">
    <subfield code="0">0</subfield>
    <subfield code="1">0</subfield>
    <subfield code="4">0</subfield>
    <subfield code="7">0</subfield>
    <subfield code="a">PNVM</subfield>
    <subfield code="b">PNVM</subfield>
    <subfield code="d">2015-06-21</subfield>
    <subfield code="g">0.00</subfield>
    <subfield code="l">0</subfield>
    <subfield code="o">PNVM-72375</subfield>
    <subfield code="p">PNVM-72375</subfield>
    <subfield code="r">2015-12-02 00:00:00</subfield>
    <subfield code="v">0.00</subfield>
    <subfield code="w">2015-12-02</subfield>
    <subfield code="y">BOOK</subfield>
  </datafield>
</record>
